[Event "Santiago Writers Club"]
[Site "Santiago de Chile"]
[Date "2011.05.09"]
[Round "9.6"]
[White "Rios, Maximiliano"]
[Black "Amaro Troncoso, Hanssel"]
[Result "1-0"]
[WhiteElo "1923"]
[BlackElo "1994"]
[PlyCount "49"]
[EventDate "2011.04.18"]
[EventType "tourn"]
[EventRounds "11"]
[EventCountry "CHI"]
[SourceTitle "EXT 2024"]
[Source "ChessBase"]
[SourceDate "2023.10.10"]
[SourceVersion "1"]
[SourceVersionDate "2023.10.10"]
[SourceQuality "1"]

1. e4 e5 2. Nf3 Nc6 3. Bb5 a6 4. Ba4 b5 5. Bb3 Bc5 6. c3 d6 7. 0-0 Bg4 8. d3 f6 9. Qe2 Nge7 10. Be3 Bxe3 11. Qxe3 Na5 12. Bc2 c5 13. Nbd2 Nac6 14. d4 cxd4 15. cxd4 Qb6 16. Bb3 exd4 17. Qf4 Bxf3 18. Nxf3 Ne5 19. Rac1 Nd3 20. Qg4 Nxc1 21. Rxc1 g6 22. Qe6 Rf8 23. Bd5 Qa7 24. Bc6+ Kd8 25. Qxd6+ 1-0

[Event "Santiago Writers Club"]
[Site "Santiago de Chile"]
[Date "2011.05.06"]
[Round "8.2"]
[White "Amaro Troncoso, Hanssel"]
[Black "Vera Salamanca, Claudio"]
[Result "0-1"]
[WhiteElo "1994"]
[BlackElo "2007"]
[PlyCount "108"]
[EventDate "2011.04.18"]
[EventType "tourn"]
[EventRounds "11"]
[EventCountry "CHI"]
[SourceTitle "EXT 2024"]
[Source "ChessBase"]
[SourceDate "2023.10.10"]
[SourceVersion "1"]
[SourceVersionDate "2023.10.10"]
[SourceQuality "1"]

1. e4 c6 2. d4 d5 3. Nc3 dxe4 4. Nxe4 Nd7 5. Nf3 Ngf6 6. Ng3 Qc7 7. Bd3 g6 8. h4 h5 9. Qe2 Bg7 10. 0-0 Nf8 11. Re1 Bg4 12. Bf4 Qd7 13. c3 Ne6 14. Be5 0-0-0 15. b4 Rhe8 16. Qb2 Bxf3 17. gxf3 Nd5 18. Bxg7 Nxg7 19. Bf1 Nf5 20. Re4 Qd6 21. b5 Nxg3 22. bxc6 b6 23. fxg3 Qxg3+ 24. Bg2 f5 25. Qa3 a5 26. Re2 Nf4 27. Rb2 Nxg2 28. Rxg2 Qxf3 29. Qb3 Qxc6 30. Rb1 Rd6 31. Qf7 Kd7 32. Rgb2 Qxc3 33. d5 Qd4+ 34. Kf1 Rc8 35. Re2 Qxh4 36. Rbe1 Re8 37. Re6 Qh1+ 38. Kf2 Qh4+ 39. Kf1 Qf4+ 40. Kg1 Qg3+ 41. Kf1 Qf3+ 42. Kg1 Qxd5 43. Rxe7+ Rxe7 44. Qxe7+ Kc6 45. Rc1+ Kb5 46. Qe8+ Ka6 47. Qc8+ Kb5 48. Qe8+ Rd7 49. Qe2+ Qd3 50. Qe5+ Ka6 51. Qe1 Rd4 52. Rc3 Rg4+ 53. Kh2 Qd6+ 54. Kh1 Qd5+ 0-1

[Event "Santiago Writers Club"]
[Site "Santiago de Chile"]
[Date "2011.04.20"]
[Round "2.5"]
[White "Amaro Troncoso, Hanssel"]
[Black "Moran Reyes, Paulo"]
[Result "1/2-1/2"]
[WhiteElo "1994"]
[BlackElo "2142"]
[PlyCount "91"]
[EventDate "2011.04.18"]
[EventType "tourn"]
[EventRounds "11"]
[EventCountry "CHI"]
[SourceTitle "EXT 2024"]
[Source "ChessBase"]
[SourceDate "2023.10.10"]
[SourceVersion "1"]
[SourceVersionDate "2023.10.10"]
[SourceQuality "1"]

1. e4 e5 2. Nf3 d6 3. d4 Nf6 4. dxe5 Nxe4 5. Qd4 d5 6. Be3 c5 7. Qa4+ Bd7 8. Bb5 Nc6 9. c3 Be7 10. Nbd2 a6 11. Bxc6 Bxc6 12. Qc2 Qc7 13. Bf4 g5 14. Nxe4 dxe4 15. Nxg5 Bxg5 16. Bxg5 Qxe5 17. Qd2 Rg8 18. Bf4 Qd5 19. Qxd5 Bxd5 20. Be3 Rc8 21. g3 Bc4 22. h4 h5 23. b3 Bd3 24. Rc1 Kd7 25. Kd2 a5 26. Rhd1 Rg6 27. Bf4 Rb6 28. c4 a4 29. Kc3 Ra8 30. Ra1 Rb4 31. f3 f5 32. Be3 Kc6 33. fxe4 fxe4 34. Bf4 Ra6 35. Rg1 Rab6 36. g4 axb3 37. axb3 Rxb3+ 38. Kd2 Rb2+ 39. Kd1 Be2+ 40. Kc1 Bxg4 41. Re1 Re2 42. Rd1 Rb4 43. Rd6+ Kc7 44. Rd5+ Kb6 45. Rd6+ Kc7 46. Rd5+ 1/2-1/2